01063nam a2200253 a 4500999001500000001000500015003000500020005001700025008004100042020001500083040002000098245015600118260005800274300001100332490003900343650006300382650005700445650003200502700004200534700002300576942001300599952010100612952009600713 c5466d54665466CDMR20241204123953.0130130s1987||||||||||||||||||||||||||||d a8431309911 aCDMRbcatcCDMR00aPrensa, paz, violencia y terrorismob: la crisis de credibilidad de los informadoresc/ Jose Mª Desantes Guanter ... [et al.] ; [editor: Carlos Soria] aPamplona : bEdiciones Universidad de Navarra, c1987 a154 p.0 aCiencias de la informaciónv; 520492772aViolència en els mitjans de comunicació de massa0491994aTerrorisme i mitjans de comunicació de massa049983aÈtica periodística1 9218aDesantes Guanter, José María1 9520aSoria, Carlos cMON2udc 00104070aGIRONAbGIRONAd2010-12-03l0oCi 434pGIRONA1312613572r2013-01-16w2013-01-16yMON 00104070aCDMRbCDMRd2013-01-16l0oCi 1/68pCDMR1312613571r2013-01-16w2013-01-16yMON